Представление документа в формате MARC21

Поле Инд. ПП Название Значение
Тип записи a
Библиографический уровень a
001 Контрольный номер RU/IS/BASE/262108482
005 Дата корректировки 20240116094353.9
084 a Индекс другой классификации/Индекс ББК 63.5(0=Рус); 63.3(2)-27
090 00 a Полочн. индекс 63.5(2=Рус)
x Авторский знак Р 893
100 10 a Автор Пушкарева Н. Л.
245 00 a Заглавие Русские за рубежом
650 04 a Основная рубрика исторические науки
a Основная рубрика этнология (этнография)
653 00 a Ключевые слова духоборы
a Ключевые слова политическая эмиграция
a Ключевые слова русская диаспора
a Ключевые слова русская культура
a Ключевые слова русская эмиграция
a Ключевые слова русские
a Ключевые слова социальный состав
a Ключевые слова численность
a Ключевые слова экономические факторы
a Ключевые слова эмиграция
773 00 d Дата издания источника Москва, 1999
g Прочая информация С. 141-157
t Заглавие источника Русские
w Контрольный № источника RU/IS/BASE/102094566
901 t Тип документа a